Comparative religion : (Record no. 78)

MARC details
000 -LEADER
fixed length control field 00774pam a2200265 a 4500
001 - CONTROL NUMBER
control field 3822736
003 - CONTROL NUMBER IDENTIFIER
control field GBCCL
005 - DATE AND TIME OF LATEST TRANSACTION
control field 20241126110329.0
008 - FIXED-LENGTH DATA ELEMENTS--GENERAL INFORMATION
fixed length control field 860130s1986 ilu b 001 0 eng
010 ## -
-- 86002380
020 ## - INTERNATIONAL STANDARD BOOK NUMBER
International Standard Book Number 0715608975
040 ## - CATALOGING SOURCE
Original cataloging agency DLC
Transcribing agency DLC
Modifying agency DLC
050 00 -
-- BL41
-- .S52 1986
082 00 - DEWEY DECIMAL CLASSIFICATION NUMBER
Classification number 200.9
Edition information 19
Item number SHA
100 1# - MAIN ENTRY--PERSONAL NAME
Personal name Sharpe, Eric J.
Fuller form of name (Eric John),
Dates associated with a name 1933-2000.
9 (RLIN) 1683
245 10 - TITLE STATEMENT
Title Comparative religion :
Remainder of title a history /
Statement of responsibility, etc. Eric J. Sharpe.
250 ## - EDITION STATEMENT
Edition statement 2nd ed.
260 ## - PUBLICATION, DISTRIBUTION, ETC.
Place of publication, distribution, etc. London :
Name of publisher, distributor, etc. Duckwood,
Date of publication, distribution, etc. 1986.
300 ## - PHYSICAL DESCRIPTION
Extent xvi, 341 p. ;
Dimensions 23 cm.
500 ## - GENERAL NOTE
General note Includes index.
504 ## - BIBLIOGRAPHY, ETC. NOTE
Bibliography, etc. note Bibliography: p. [320]-333.
650 #0 - SUBJECT ADDED ENTRY--TOPICAL TERM
Topical term or geographic name entry element Religions
General subdivision Historiography
-- History.
9 (RLIN) 1684
906 ## - LOCAL DATA ELEMENT F, LDF (RLIN)
a 7
b cbc
c orignew
d 1
e ocip
f 19
g y-gencatlg
942 ## - ADDED ENTRY ELEMENTS (KOHA)
Source of classification or shelving scheme Dewey Decimal Classification
Koha item type Books
Koha issues (borrowed), all copies 2
Holdings
Withdrawn status Lost status Source of classification or shelving scheme Damaged status Not for loan Home library Current Library Shelving location Date acquired Total checkouts Full call number Barcode Date last seen Date last checked out Copy number Price effective from Koha item type
    Dewey Decimal Classification     GRACE BIBLE COLLEGE GRACE BIBLE COLLEGE Philosophy and Religion 2016-05-23 2 200.9 SHA 002334 2025-05-01 2022-05-25 c.1 2016-05-23 Books
© Grace Bible College Library 2025